کُلّیاتِ ذوک : (Record no. 108063)

MARC details
000 -LEADER
fixed length control field 00917nam a22002537a 4500
005 - DATE AND TIME OF LATEST TRANSACTION
control field 20200609105532.0
010 ## - LCCN (DPL NO)
LC control number A-026148
020 ## - INTERNATIONAL STANDARD BOOK NUMBER
Terms of availability 20.50
035 ## - SYSTEM CONTROL NUMBER
System control number A-026148
037 ## - SOURCE OF ACQUISITION
Source of stock number/acquisition Cen Lib/Ret
082 ## - DEWEY DECIMAL CLASSIFICATION NUMBER
Classification number 841
100 ## - MAIN ENTRY--PERSONAL NAME
Personal name زوک ، شیخ محمد ابراہیم
245 ## - TITLE STATEMENT
Title کُلّیاتِ ذوک :
Statement of responsibility, etc شیخ محمد ابراہیم ذوک ؛ معتب تنویر احمد علوی
Remainder of title اردو /
246 ## - VARYING FORM OF TITLE
Title proper/short title Kulliyat-e-zok : urdu /
Remainder of title by Shekh Mohmmad Ibraheem Zok ; traslated by Tanveer Ahmad Alvi
260 ## - PUBLICATION, DISTRIBUTION, ETC. (IMPRINT)
Place of publication, distribution, etc نیی دہلی
Name of publisher, distributor, etc ترقی اردو بوریو
Date of publication, distribution, etc 1980 ء
270 ## - ADDRESS
City نیی دہلی
Address 8 آر کے پرم
Postal code 110022
300 ## - PHYSICAL DESCRIPTION
Extent 496P.
Dimensions 21cm(Hb)
650 ## - SUBJECT ADDED ENTRY--TOPICAL TERM
Topical term or geographic name as entry element ادب - اردو
650 ## - SUBJECT ADDED ENTRY--TOPICAL TERM
Topical term or geographic name as entry element اردو نظم
650 ## - SUBJECT ADDED ENTRY--TOPICAL TERM
Topical term or geographic name as entry element Literature -- Urdu
650 ## - SUBJECT ADDED ENTRY--TOPICAL TERM
Topical term or geographic name as entry element Urdu poetry
700 ## - ADDED ENTRY--PERSONAL NAME
Personal name تنویر احمد علوی
9 (RLIN) 376
942 ## - ADDED ENTRY ELEMENTS (KOHA)
Source of classification or shelving scheme Dewey Decimal Classification
Item type Urdu Bks
Classification part 841
Call number suffix ذ و ق
Holdings
Withdrawn status Lost status Not for loan Collection code Home library Current library Date acquired Source of acquisition Cost, normal purchase price Full call number Barcode Copy number Cost, replacement price Koha item type
      Non-fiction Central Library Central Library 14/01/2016 Cen Lib/Ret 20.50 841 ذ و ق A-026148 1 20.50 Urdu Bks

© Delhi Public Library
Hit Counter
free hit counter